000 00477nam a2200145 a 4500
001 000045952
005 20201002052537.0
008 150603s2014 dr 000 0 spa d
040 _aDO-SdBNP
_bspa
_cBNPHU
110 2 _aRepública Dominicana
_bCámara de Diputados
_932238
245 1 0 _a11 de Enero día nacional de la educación.
246 1 3 _aOnce de enero día nacional de la educación
260 _aSanto Domingo :
_bCámara de Diputados,
_c2014.
300 _a3 p. ;
_c21 cm.
999 _c45441
_d45441